| 000 | 05993njm0a2200481 4500 | ||
|---|---|---|---|
| 001 | RU\NLR\ONIZ\285147 | ||
| 005 | 20250708194447.0 | ||
| 035 | _a(NLR Aleph) 022410037 | ||
| 071 | 0 | 1 | _aД-011753-6 |
| 090 |
_a13286102 _c13286102 |
||
| 100 | _a20220731f19681973|||y0rusy50 ca | ||
| 102 | _aRU | ||
| 126 |
_aabaxexu ux _bxxx |
||
| 127 | _a012500 | ||
| 145 | 0 | _ab | |
| 200 | 1 |
_aИскусство Святослава Рихтера _fисполняет: Святослав Рихтер, фортепиано |
|
| 203 |
_aМузыка _bисполнительская _cаудио |
||
| 210 |
_aМосква _cМелодия _d[19--] _eЛенинград _gЗавод грампластинок |
||
| 215 |
_a2 грп. [ГОСТ 5289-68] (85 мин) : 33 об/мин, моно _d30 см, в кор. |
||
| 300 | _aЗапись концерта во Дворце Шайо, Париж 1961 г. (1-3) | ||
| 300 | _aКоммент. в кор. | ||
| 300 | _aОписано по кор. грп. | ||
| 327 | 1 |
_a1. Соната Ми бемоль мажор / И. Гайдн. _a2. Четыре прелюдии : Шаги на снегу; Прерванная серенада; Затонувший собор; Танец Пека / К. Дебюсси. _a3. Наваждение : соч. 4 № 4 / С. Прокофьев. _a4. Соната : (неоконченная) : До мажор / Ф. Шуберт ; _a5. Музыкальный момент : фа минор : соч. 94 № 3 / Ф. Шуберт ; _a6. Четыре лендлера / Ф. Шуберт ; _a7. Аллегретто : до минор / Ф. Шуберт |
|
| 464 | 0 |
_12001#$aСоната Ми бемоль мажор$fИ. Гайдн _16061#$aСонаты для фортепиано$yАвстрия$z18-19 вв.$jЗвукозапись$2nlr_sh$7ca _16890#$aЩ954.2-041(4А) _1700#1$9z01790$aГайдн$bЙ.$gЙозеф$f1732-1809$4230$7ca _1790#1$9z01700$aHaydn$bF. J.$gFranz Joseph$f1732-1809$4230$7ba _tСоната Ми бемоль мажор _aГайдн, Йозеф (1732-1809) |
|
| 464 | 0 |
_12001#$aЧетыре прелюдии$eШаги на снегу; Прерванная серенада; Затонувший собор; Танец Пека$fК. Дебюсси _150000$aПрелюдии (12)$iЗатонувший собор$iПрерванная серенада$iТанец Пека$iШаги на снегу$bЗвукозапись$rфортепиано$7ca _16061#$aПрелюдии для фортепиано$yФранция$z20 в.$jЗвукозапись$2nlr_sh$7ca _16890#$aЩ954.2-058.4(4Фр)я44 _1700#1$9z01790$aДебюсси$bК.$gКлод$f1862-1918$4230$7ca _1790#1$9z01700$aDebussy$bC.$gClaude$f1862-1918$4230$7ba _tЧетыре прелюдии _aДебюсси, Клод (1862-1918) |
|
| 464 | 0 |
_12001#$aНаваждение$eсоч. 4 № 4$fС. Прокофьев _150000$aПьесы (4) для фортепиано$iНаваждение$bЗвукозапись$h№ 4$rфортепиано$sсоч. 4$7ca _16061#$aПьесы для фортепиано$yСССР$z20 век$jЗвукозапись$2nlr_sh _16890#$aЩ954.2-058(2) _1700#1$9z01790$aПрокофьев$bС. С.$gСергей Сергеевич$f1891-1953$cкомпозитор$3RU\NLR\AUTH\773397$4230$7ca _1790#1$9z01700$aProkof'ev$bS. S.$cкомпозитор$gSergej Sergeevič$f1891-1953$3RU\NLR\AUTH\770241956$4230$7ba _tНаваждение _aПрокофьев, Сергей Сергеевич (композитор ; 1891-1953) |
|
| 464 | 0 |
_12001#$aСоната$e(неоконченная)$eДо мажор$fФ. Шуберт _16061#$aСонаты для фортепиано$yАвстрия$z19 век$jЗвукозапись$2nlr_sh _16890#$aЩ954.2-041(4А) _1700#1$9z01790$aШуберт$bФ.$gФранц$f1797-1828$4230$7ca _1790#1$9z01700$aSchubert$bF.$gFranz$f1797-1828$4230$7ba _tСоната _aШуберт, Франц (1797-1828) |
|
| 464 | 0 |
_12001#$aМузыкальный момент$eфа минор$eсоч. 94 № 3$fФ. Шуберт _150000$aМузыкальные моменты (6)$bЗвукозапись$h№ 3$sсоч. 94$uфа минор$rфортепиано$7ca _16061#$aПьесы для фортепиано$yАвстрия$z19 в.$jЗвукозапись$2nlr_sh _16890#$aЩ954.2-058(4А) _1700#1$9z01790$aШуберт$bФ.$gФранц$f1797-1828$4230$7ca _1790#1$9z01700$aSchubert$bF.$gFranz$f1797-1828$4230$7ba _tМузыкальный момент _aШуберт, Франц (1797-1828) |
|
| 464 | 0 |
_12001#$aЧетыре лендлера$fФ. Шуберт _16061#$aЛендлеры для фортепиано$yАвстрия$z19 в.$jЗвукозапись$2nlr_sh$7ca _16890#$aЩ954.2-058.55(4А)я44 _1700#1$9z01790$aШуберт$bФ.$gФранц$f1797-1828$4230$7ca _1790#1$9z01700$aSchubert$bF.$gFranz$f1797-1828$4230$7ba _tЧетыре лендлера _aШуберт, Франц (1797-1828) |
|
| 464 | 0 |
_12001#$aАллегретто$eдо минор$fФ. Шуберт _16061#$aАллегретто для фортепиано$yАвстрия$z19 в.$jЗвукозапись$2nlr_sh$7ca _16890#$aЩ954.2-057(4А) _1700#1$9z01790$aШуберт$bФ.$gФранц$f1797-1828$4230$7ca _1790#1$9z01700$aSchubert$bF.$gFranz$f1797-1828$4230$7ba _tАллегретто _aШуберт, Франц (1797-1828) |
|
| 606 | 1 |
_aПианисты советские _z20 век _jЗвукозапись _2nlr_sh |
|
| 606 | 1 |
_aИсполнительское искусство советское. Пианисты _xзвукозапись _yРоссия _z20 век _jЗвукозапись _2nlr_sh |
|
| 686 | _aЩ 954.2, 8(2) | ||
| 700 | 1 |
_9z01790 _aРихтер _bС.Т. _f1915-1997 _gСвятослав Теофилович _4545 _4kpf |
|
| 790 | 1 |
_9z01700 _aRichter _bS. _f1915-1997 _gSvjatoslav _4545 _4kpf _7ba |
|
| 801 | 0 |
_aRU _bNLR _c20220731 _gPSBO |
|
| 801 | 1 |
_aRU _bNLR _c20220731 _2rusmarc |
|
| 801 | 2 |
_aRU _bNLR _c20241008 |
|
| 852 |
_aNLR _bМг _j3/310(1-2) _p9126-9127 _t1 |
||
| 942 | _cREC | ||
| 980 | _aNB | ||
| 980 | _aONIZ | ||